Statistics for Countries where homosexuality is punishable by execution

Click here to take the quiz!

General Stats

  • This quiz has been taken 75 times
  • The average score is 7 of 9

Answer Stats

Country% Correct
Iran
94%
Afghanistan
87%
Saudi Arabia
87%
Qatar
86%
United Arab Emirates
83%
Nigeria
65%
Somalia
58%
Mauritania
52%
Brunei
51%

Score Distribution

Percentile by Number Answered

Percent of People with Each Score

Your Score History

You have not taken this quiz